| 000 | 00677nam a22002057a 4500 | ||
|---|---|---|---|
| 005 | 20141128152202.0 | ||
| 010 | _aENG-111247 | ||
| 020 |
_a9788125055686 _c1125.00 |
||
| 035 | _aEN-94779 | ||
| 037 | _bDBAD/PUB | ||
| 082 | _a891.4414 | ||
| 245 |
_aRabindranath Tagore : _cedited by Martin Kampchen [and] Imre Bangha _bone hundred years of global reception / |
||
| 260 |
_aNew Delhi _bOrient Blackswan _c2014 |
||
| 270 |
_a1/24, Asaf Ali Road _bNew Delhi _e110002 |
||
| 300 |
_axix, 671p. _c24cm(Hb) |
||
| 500 | _aIncludes bibliographical references and index | ||
| 700 | _aKampchen, Martin | ||
| 700 | _aBangha, Imre | ||
| 942 |
_2ddc _cEN _mRAB _h891.4414 |
||
| 999 |
_c90083 _d90083 |
||